Xero For Dummies / (Record no. 36773)

MARC details
000 -LEADER
fixed length control field 00460nam a22001817a 4500
005 - DATE AND TIME OF LATEST TRANSACTION
control field 20241113153335.0
008 - FIXED-LENGTH DATA ELEMENTS--GENERAL INFORMATION
fixed length control field 241113b |||||||| |||| 00| 0 eng d
020 ## - INTERNATIONAL STANDARD BOOK NUMBER
ISBN 9780730363989
082 ## - DEWEY DECIMAL CLASSIFICATION NUMBER
Classification number 657.028
Item number SMI-X
100 ## - MAIN ENTRY--AUTHOR
Author Name Smith, Heater
245 ## - TITLE STATEMENT
Title Xero For Dummies /
Statement of responsibility, etc. Heater Smith
250 ## - EDITION STATEMENT
Edition statement 4th ed.
260 ## - PUBLICATION, DISTRIBUTION, ETC.
Place of Publication USA:
Name of publisher, distributor, etc. Elsevier;
Date of publication, distribution, etc. 2019.
300 ## - PHYSICAL DESCRIPTION
Pages xiv, 750 P. :
650 ## - SUBJECT ADDED ENTRY--TOPICAL TERM
Subject / Department Information Technology
300 ## - PHYSICAL DESCRIPTION
-- ill;
-- 24 cm.
952 ## - LOCATION AND ITEM INFORMATION (KOHA)
-- 0
-- 0
Holdings
Lost status Damaged status Collection code Permanent Location Current Location Shelving Location Date acquired Full Call Number Accession No./Barcode Date last seen item type Koha item type
    CS/IT Superior Information Resource Center (SIRC) Superior University- Gold Campus Superior Information Resource Center (SIRC) Superior University- Gold Campus Information Technology 11/13/2024 657.028 SMI-X 2019 19108 11/13/2024 BOOK BOOK

Powered by Koha